000 00526nam a2200193Ia 4500
005 20250508153115.0
008 008 250505s9999 xx 000 0 eng d
037 _aTextual
040 _aFEDL
_beng
_cFEDL
041 _aeng
_2eng
084 _a914.2, STA
_qFEDL
100 _aStamp L. Dudley
245 0 _aLand of Britain: Its use and misuse
250 _a3rd
260 _aLondon, UK
_bLongmans, Green and Co.
_c1962
300 _aviii,546p.
942 _cTEXL
_h914.2, STA
999 _c1340723
_d1340723